LEADER 01809nam a2200385 a 4500 001 000000149561 003 CaOOAMICUS 005 20160219143547.0 008 160219s2015 it fr z000 u ita r 020 $z978-88-10-30246-0* 032 $aLibriCat 040 $aPUL$bita 082 04$a220.4 100 1 $aLepore, Leonardo,$csacerdote,$d1979-$0(OLS)http://pul/name/95339 245 13$aLe astuzie dello scriba :$bstudio di una tecnica redazionale tardiva di riscrittura. Exempla di Exodo /$cLeonardo Lepore. 260 $aBologna :$bDehoniane,$cİ2015. 300 $a189 p. ;$c24 cm. 490 1 $aSupplementi alla Rivista biblica ;$v58 500 $aInclude indici. 500 $aIn testa all'occhietto: Associazione biblica italiana. 504 $aBibliografia in nota. 630 04$aBiblia.$pV.T.$pExodus$xCritica, interpretazione, ecc.$0(OLS)http://pul/subject/6714 710 2 $aAssociazione biblica italiana.$0(OLS)http://pul/name/5240 830 0$aSupplementi alla Rivista biblica ;$v58.$0(OLS)http://pul/title/18638 850 $aPUL 852 $aPUL$W1$xSL Religione 3$y85$m220. 4 LEPLE 1$j172218$qDDC 21$B173842$CPULBib$Z2$F173842 $H127203 $81 852 $aPUL$W1$xDP1 Tesi Pon. Ist. Biblico$y33$m2015 B 4$j168035$qTesi$B175866$CPULBib$Z2$F175866 $82 941 1 $a9 941 1 $a16 983 0$aSupplementi alla rivista biblica (Associazione biblica italiana) 996 $6020$z978-88-10-30246-0*$9(OLS)http://pul/number/159793 996 $6082$a220.4$9(OLS)http://pul/classification/1895 996 $6245$aLe astuzie dello scriba :$bstudio di una tecnica redazionale tardiva di riscrittura. Exempla di Exodo$9(OLS)http://pul/title/188565 996 $6260$aBologna :$bDehoniane$9(OLS)http://pul/publisher/48655 LEADER 01243nam a2200313 u 4500 001 000000057208 003 CaOOAMICUS 005 20070226120546.0 008 010503s1993 gw u000 u ger u 020 $a38944110724 035 $a10887101 040 $aPUL$bita 100 1 $aBalthasar, Hans Urs von,$ccardinale,$d1905-1988.$0(OLS)http://pul/name/1429 245 10$aKatholisch :$bAspekte des Mysteriums /$cHans Urs von Balthasar. 250 $a3. Aufl. 260 $aEinsiedeln :$bJohannes Verlag,$c1993. 300 $a93 p. ;$c19 cm 490 1 $aKriterien ;$v36 504 $aBibliografia in nota. 650 4$aTeologia.$0(OLS)http://pul/subject/118 650 4$aCattolicesimo.$0(OLS)http://pul/subject/3132 830 0$aKriterien ;$v36.$0(OLS)http://pul/title/76579 850 $aPUL 852 $aPUL$W1$xDP2 Religione 3$y114$m230 BALHA 4.36$j175858$nBK-PRI$b $qDDC 21$B74882$CPULBib$Z2$F74882 $H84539 $81 941 1 $a9 961 $aPrecedente collocazione: Teo 1.36 996 $6020$a38944110724$9(OLS)http://pul/number/72252 996 $6245$aKatholisch :$bAspekte des Mysteriums$9(OLS)http://pul/title/76585 996 $6260$aEinsiedeln :$bJohannes Verlag$9(OLS)http://pul/publisher/66113